<?xml version="1.0" encoding="UTF-8"?>
<collection xmlns="http://www.loc.gov/MARC21/slim">
 <record>
  <leader>01962nam a2200301 a 4500</leader>
  <controlfield tag="001">1/51357</controlfield>
  <controlfield tag="008">051115s2007    be  u pdd     1   a0eng d</controlfield>
  <datafield tag="020" ind1=" " ind2=" ">
   <subfield code="a">9789279046339</subfield>
  </datafield>
  <datafield tag="022" ind1="0" ind2=" ">
   <subfield code="a">1016-8060 (print)</subfield>
  </datafield>
  <datafield tag="022" ind1="0" ind2=" ">
   <subfield code="a">1725-3187 (online)</subfield>
  </datafield>
  <datafield tag="024" ind1="0" ind2=" ">
   <subfield code="a">KC-AI-07-280-EN-C</subfield>
  </datafield>
  <datafield tag="035" ind1=" " ind2=" ">
   <subfield code="l">35621</subfield>
  </datafield>
  <datafield tag="040" ind1=" " ind2=" ">
   <subfield code="a">GR-PeUP</subfield>
  </datafield>
  <datafield tag="099" ind1=" " ind2=" ">
   <subfield code="a">ΚΕΤ Αλφαβητική σειρά</subfield>
  </datafield>
  <datafield tag="100" ind1="1" ind2=" ">
   <subfield code="a">Carone, Giuseppe.</subfield>
  </datafield>
  <datafield tag="245" ind1="1" ind2="0">
   <subfield code="a">Tax revenues in the European Union :</subfield>
   <subfield code="b">recent trends and challenges /</subfield>
   <subfield code="c">Giuseppe Carone, Jan Host Schmidt, Gaetan Nicodeme.</subfield>
  </datafield>
  <datafield tag="260" ind1="0" ind2=" ">
   <subfield code="a">Brussels- Belgium:</subfield>
   <subfield code="b">European Comission: Directorate-General for Economic and Financial Affairs,</subfield>
   <subfield code="c">2007.</subfield>
  </datafield>
  <datafield tag="300" ind1=" " ind2=" ">
   <subfield code="a">27 σ.:</subfield>
   <subfield code="b">πιν.</subfield>
   <subfield code="c">30 εκ.</subfield>
  </datafield>
  <datafield tag="490" ind1="1" ind2=" ">
   <subfield code="a">European Economy. Economic papers ;</subfield>
  </datafield>
  <datafield tag="520" ind1="0" ind2=" ">
   <subfield code="a">The governments of the European Union are facing important challenges that may impact both their need and their capacity to collect taxes. First, ageing will increase some social spending while reducing the potential of some tax bases such as labour. Second, globalisation has the potential to increase the mobility of capital and of high-skilled workers, making it more difficult to rely on them as a source of revenues. Finally, the desire to shift tax away from labour and to make work pay while retaining the social models will force Member States to find alternative robust tax bases. This paper reviews the most recent trends in taxation in the European Union and discusses several tax policy issues in the light of those coming challenges.</subfield>
  </datafield>
  <datafield tag="580" ind1=" " ind2=" ">
   <subfield code="a">Economic Papers</subfield>
  </datafield>
  <datafield tag="700" ind1="1" ind2=" ">
   <subfield code="a">Nicodeme, Gaetan.</subfield>
  </datafield>
  <datafield tag="700" ind1="1" ind2=" ">
   <subfield code="a">Schmidt, Jan H.</subfield>
  </datafield>
  <datafield tag="710" ind1="2" ind2=" ">
   <subfield code="a">European Commission : Directorate-General for Economic and Financial Affairs.</subfield>
  </datafield>
  <datafield tag="773" ind1="0" ind2="8">
   <subfield code="a">Economic Papers</subfield>
   <subfield code="g">May 2007, No 280.</subfield>
  </datafield>
  <datafield tag="830" ind1=" " ind2=" ">
   <subfield code="a">European Economy. Economic papers ;</subfield>
   <subfield code="v">280.</subfield>
  </datafield>
  <datafield tag="852" ind1=" " ind2=" ">
   <subfield code="a">INST</subfield>
   <subfield code="b">UNIPILB</subfield>
   <subfield code="c">KET</subfield>
   <subfield code="e">20090310</subfield>
   <subfield code="p">EEEP 280</subfield>
   <subfield code="q">EEEP 280</subfield>
   <subfield code="t">NOLOAN</subfield>
   <subfield code="y">23</subfield>
   <subfield code="4">1</subfield>
  </datafield>
  <datafield tag="856" ind1="4" ind2="1">
   <subfield code="u">http://ec.europa.eu/economy_finance/publications/publication_summary417_en.htm</subfield>
  </datafield>
 </record>
</collection>
